000 00586cam a22002053a 4500
001 38110
003 PGUSA
005 20140828083834.0
008 111123s2011||||xxu|||||s|||||000 | eng d
040 _aPGUSA
_beng
042 _adc
245 1 0 _aAucassin and Nicolette :
_bAnd Other Mediaeval Romances and Legends
_h[electronic resource]
260 _bProject Gutenberg,
_c2011
506 _aPublic domain in the USA.
516 _aElectronic text
700 1 _aMason, Eugene
830 0 _aProject Gutenberg
_v38110
856 4 0 _uhttp://www.gutenberg.org/ebooks/38110
942 _cEB
999 _c267364
_d267364